Riadenie polohy modelu inverzného kyvadla

Salvato in:
Dettagli Bibliografici
Autore principale: Kramla, Oliver (Autore)
Altri autori: Briežnik, Ján (Relatore della tesi)
Natura: Manoscritto Libro
Lingua:slovacco
Pubblicazione: Bratislava : STU v Bratislave FEI, 2025
Soggetti:
Accesso online:https://opac.crzp.sk/?fn=detailBiblioFormChildEGKE8&sid=BA75C2D62745AD5724ED939ED92F&seo=CRZP-detail-kniha
Tags: Aggiungi Tag
Nessun Tag, puoi essere il primo ad aggiungerne!!

MARC

LEADER 00000ntm a22000003a 4500
001 stuzp104190
003 SK-STU
005 20251104104829.1
007 ta
008 150427s2015----xo-----f-mn---000-0-slo-d
040 |a STU  |b slo 
041 0 |a slo 
044 |a xo 
100 1 |a Kramla, Oliver  |u 030400  |4 aut  |U FEI Fakulta elektrotechniky a informatiky  |T FEI Ústav automobilovej mechatroniky  |X 120637  |U E400  |Y 642  |7 120637 
242 0 1 |a Inverted pendulum position control  |y eng 
245 1 0 |a Riadenie polohy modelu inverzného kyvadla 
260 |a Bratislava :  |b STU v Bratislave FEI,  |c 2025 
300 |a 54 s. 
650 4 |a Inverzné kyvadlo  |2 slo 
650 4 |a matematický model  |2 slo 
650 4 |a riadiaci algoritmus  |2 slo 
650 4 |a Inverted pendulum  |2 eng 
650 4 |a mathematical model  |2 eng 
650 4 |a control algorithm  |2 eng 
700 1 |a Briežnik, Ján  |4 ths  |X 92422  |7 92422 
856 4 |u https://opac.crzp.sk/?fn=detailBiblioFormChildEGKE8&sid=BA75C2D62745AD5724ED939ED92F&seo=CRZP-detail-kniha